[Event "ROM-chT div-A"]
[Site "Mamaia"]
[Date "2019.09.28"]
[Round "8.2"]
[White "Tunaru, Alexandru A"]
[Black "Spulber, Cicirone"]
[Result "1/2-1/2"]
[WhiteElo "2088"]
[BlackElo "1990"]
[PlyCount "32"]
[EventDate "2019.09.21"]
[EventType "team-tourn"]
[EventRounds "9"]
[EventCountry "ROU"]
[SourceTitle "EXT 2020"]
[Source "ChessBase"]
[SourceDate "2019.10.17"]
[SourceVersion "1"]
[SourceVersionDate "2019.10.17"]
[SourceQuality "1"]
[WhiteTeam "Resita Muncitorul"]
[BlackTeam "Arad University"]
[WhiteTeamCountry "ROU"]
[BlackTeamCountry "ROU"]

1. e4 c5 2. Nf3 Nc6 3. Qe2 g6 4. g3 Bg7 5. Bg2 d6 6. 0-0 Nf6 7. c3 0-0 8. d3 Rb8 9. Bg5 h6 10. Bd2 b5 11. Nh4 Qc7 12. Na3 b4 13. Nc4 bxc3 14. Bxc3 Nd7 15. f4 Nd4 16. Qd2 Nb6 1/2-1/2

[Event "ROM-chT div-A"]
[Site "Mamaia"]
[Date "2019.09.24"]
[Round "4.2"]
[White "Dragomirescu, Robin Alexandru"]
[Black "Spulber, Cicirone"]
[Result "1-0"]
[WhiteElo "2337"]
[BlackElo "1990"]
[PlyCount "47"]
[EventDate "2019.09.21"]
[EventType "team-tourn"]
[EventRounds "9"]
[EventCountry "ROU"]
[SourceTitle "EXT 2020"]
[Source "ChessBase"]
[SourceDate "2019.10.17"]
[SourceVersion "1"]
[SourceVersionDate "2019.10.17"]
[SourceQuality "1"]
[WhiteTeam "Ghiroda Si Giarmata VII"]
[BlackTeam "Arad University"]
[WhiteTeamCountry "ROU"]
[BlackTeamCountry "ROU"]

1. e4 d5 2. exd5 Qxd5 3. Nc3 Qd6 4. d4 Nf6 5. Nf3 Bg4 6. h3 Bxf3 7. Qxf3 c6 8. Bf4 Qd8 9. d5 Nxd5 10. 0-0-0 e6 11. Nxd5 exd5 12. Qg4 Qd7 13. Qg3 Na6 14. Bxa6 bxa6 15. Rhe1+ Kd8 16. c4 f6 17. Qf3 Rc8 18. Kb1 d4 19. Re4 c5 20. Rde1 Bd6 21. Bxd6 Qxd6 22. Re6 Qd7 23. Qg3 Rc6 24. Re7 1-0

[Event "ROM-chT div-A"]
[Site "Mamaia"]
[Date "2019.09.23"]
[Round "3.4"]
[White "Spulber, Cicirone"]
[Black "Stan, Andrei Mihaita"]
[Result "0-1"]
[WhiteElo "1990"]
[BlackElo "2000"]
[PlyCount "62"]
[EventDate "2019.09.21"]
[EventType "team-tourn"]
[EventRounds "9"]
[EventCountry "ROU"]
[SourceTitle "EXT 2020"]
[Source "ChessBase"]
[SourceDate "2019.10.17"]
[SourceVersion "1"]
[SourceVersionDate "2019.10.17"]
[SourceQuality "1"]
[WhiteTeam "Arad University"]
[BlackTeam "Buzau Gloria"]
[WhiteTeamCountry "ROU"]
[BlackTeamCountry "ROU"]

1. c4 e5 2. Nc3 Nc6 3. g3 g6 4. Bg2 Bg7 5. d3 f5 6. Nf3 Nf6 7. Rb1 h6 8. b4 d6 9. b5 Ne7 10. Nd2 0-0 11. 0-0 g5 12. a4 Rb8 13. Nd5 Be6 14. Nxe7+ Qxe7 15. Bb2 Qd7 16. d4 e4 17. d5 Bf7 18. Qb3 Rbe8 19. Bd4 Bh5 20. Rfe1 Ng4 21. e3 Ne5 22. Bxe5 Bxe5 23. Qc2 Qg7 24. Rb3 Bg6 25. Ra3 h5 26. Nb3 h4 27. Qd1 hxg3 28. fxg3 f4 29. exf4 gxf4 30. Bxe4 fxg3 31. Bxg6 Qxg6 0-1

[Event "ROM-chT div-A"]
[Site "Mamaia"]
[Date "2019.09.22"]
[Round "2.3"]
[White "Spulber, Cicirone"]
[Black "David, Bogdan Emanuel"]
[Result "0-1"]
[WhiteElo "1990"]
[BlackElo "2116"]
[PlyCount "112"]
[EventDate "2019.09.21"]
[EventType "team-tourn"]
[EventRounds "9"]
[EventCountry "ROU"]
[SourceTitle "EXT 2020"]
[Source "ChessBase"]
[SourceDate "2019.10.17"]
[SourceVersion "1"]
[SourceVersionDate "2019.10.17"]
[SourceQuality "1"]
[WhiteTeam "Arad University"]
[BlackTeam "Ineu"]
[WhiteTeamCountry "ROU"]
[BlackTeamCountry "ROU"]

1. Nf3 d6 2. g3 g6 3. Bg2 Bg7 4. c4 Nf6 5. Nc3 0-0 6. 0-0 Nc6 7. d3 e5 8. Rb1 Ne7 9. e4 h6 10. d4 exd4 11. Nxd4 a6 12. a3 Rb8 13. Re1 Bd7 14. a4 a5 15. Be3 Re8 16. Qd2 Kh7 17. b3 Nc6 18. Ndb5 Nb4 19. Ba7 Ra8 20. Bd4 Be6 21. Nd5 Bxd5 22. cxd5 Rc8 23. Na7 Ra8 24. Nb5 Rc8 25. Na7 Rb8 26. Rbc1 Qd7 27. Nb5 c6 28. dxc6 bxc6 29. Bxf6 Bxf6 30. Qxd6 Qe6 31. e5 Bxe5 32. Qxe6 Rxe6 33. Na7 Nd3 34. Nxc6 Nxe1 35. Rxe1 Rbe8 36. Bd5 Bc3 37. Bxe6 Bxe1 38. Bxf7 Rf8 39. Ne5 Kg7 40. Bc4 Bxf2+ 41. Kg2 Ba7 42. Nd3 g5 43. g4 Bd4 44. b4 axb4 45. Nxb4 Rf2+ 46. Kg3 Rd2 47. Kf3 Rxh2 48. a5 Rh3+ 49. Ke4 Bc5 50. Nc6 Ra3 51. Kd5 Bg1 52. a6 Kf6 53. Bb5 h5 54. gxh5 g4 55. h6 g3 56. Nd4 Bxd4 0-1

[Event "ROM-chT div-A"]
[Site "Mamaia"]
[Date "2019.09.21"]
[Round "1.3"]
[White "Zogorean, Petru"]
[Black "Spulber, Cicirone"]
[Result "0-1"]
[WhiteElo "1828"]
[BlackElo "1990"]
[PlyCount "72"]
[EventDate "2019.09.21"]
[EventType "team-tourn"]
[EventRounds "9"]
[EventCountry "ROU"]
[SourceTitle "EXT 2020"]
[Source "ChessBase"]
[SourceDate "2019.10.17"]
[SourceVersion "1"]
[SourceVersionDate "2019.10.17"]
[SourceQuality "1"]
[WhiteTeam "Bistrita"]
[BlackTeam "Arad University"]
[WhiteTeamCountry "ROU"]
[BlackTeamCountry "ROU"]

1. d4 Nf6 2. c4 e6 3. Nf3 b6 4. Nc3 Bb7 5. e3 Be7 6. Bd3 d5 7. Qe2 0-0 8. 0-0 c5 9. cxd5 exd5 10. b3 Nc6 11. Bb2 Nb4 12. Rfd1 Nxd3 13. Qxd3 Re8 14. Rac1 c4 15. Qc2 Qc8 16. a3 b5 17. b4 Rd8 18. a4 bxa4 19. Ra1 Bxb4 20. Rxa4 a5 21. Ne5 Nd7 22. Ra2 f6 23. Nxd7 Qxd7 24. Raa1 Bc6 25. Na4 Bxa4 26. Rxa4 Rdc8 27. Bc3 Rcb8 28. h3 f5 29. Qd2 Qd6 30. Qc2 g6 31. g3 Rb7 32. Kg2 Rab8 33. h4 Qe7 34. Qd2 Qe4+ 35. f3 Bxc3 36. Qxc3 Rb2+ 0-1

[Event "Eforie Nord Seacoast op 25th"]
[Site "Eforie Nord"]
[Date "2015.06.26"]
[Round "4"]
[White "Spulber, Cicirone"]
[Black "Peptan, Corina Isabela"]
[Result "1/2-1/2"]
[WhiteElo "2121"]
[BlackElo "2434"]
[PlyCount "99"]
[EventDate "2015.06.23"]
[EventType "swiss"]
[EventRounds "10"]
[EventCountry "ROU"]
[SourceTitle "CBM 167 Extra"]
[Source "ChessBase"]
[SourceDate "2015.09.14"]
[SourceVersion "1"]
[SourceVersionDate "2015.09.14"]
[SourceQuality "1"]

1. Nf3 d5 2. d4 Nf6 3. c4 dxc4 4. e3 e6 5. Bxc4 a6 6. 0-0 c5 7. dxc5 Qxd1 8. Rxd1 Bxc5 9. a3 b5 10. Be2 Ke7 11. b4 Bd6 12. Bb2 Nbd7 13. Nbd2 Bb7 14. Rac1 e5 15. Nb3 Rac8 16. Na5 Ba8 17. h3 h6 18. Nd2 Ke6 19. Bf3 Bxf3 20. gxf3 Nb6 21. Ne4 Rxc1 22. Rxc1 Nxe4 23. fxe4 Rc8 24. Rxc8 Nxc8 25. Kg2 g6 26. Kg3 Nb6 27. Kg4 Bc7 28. Nb7 Nc4 29. Nc5+ Kd6 30. Bc1 Kc6 31. Nd3 Bb6 32. Kf3 Kd6 33. Ke2 f5 34. exf5 gxf5 35. f3 Kd5 36. e4+ fxe4 37. fxe4+ Kxe4 38. Bxh6 Nxa3 39. Bg7 Nc4 40. h4 Kf5 41. h5 e4 42. Nc5 a5 43. h6 Kg6 44. Nxe4 axb4 45. Nd2 Bc5 46. Nb3 Be7 47. Nd4 Nd6 48. Kd3 Bg5 49. Bf8 Nf7 50. Bxb4 1/2-1/2

[Event "Eforie Nord op"]
[Site "Eforie Nord"]
[Date "2014.06.27"]
[Round "4"]
[White "Spulber, Cicirone"]
[Black "Nanu, Ciprian Costica"]
[Result "0-1"]
[WhiteElo "2180"]
[BlackElo "2527"]
[PlyCount "94"]
[EventDate "2014.06.24"]
[EventType "swiss"]
[EventRounds "11"]
[EventCountry "ROU"]
[SourceTitle "CBM 161 Extra"]
[Source "ChessBase"]
[SourceDate "2014.08.29"]
[SourceVersion "1"]
[SourceVersionDate "2014.08.29"]
[SourceQuality "1"]

1. d4 d5 2. c4 dxc4 3. e3 Nf6 4. Bxc4 e6 5. Nf3 a6 6. 0-0 Nbd7 7. a3 b5 8. Be2 c5 9. dxc5 Bxc5 10. b4 Be7 11. Bb2 Bb7 12. Nbd2 Nb6 13. Rc1 Bd5 14. Bd4 0-0 15. Ne5 Bd6 16. Ndf3 Rc8 17. Rxc8 Nxc8 18. Qc1 Ne4 19. Rd1 f6 20. Nd3 Bb3 21. Re1 Bd5 22. Nc5 Bxc5 23. Bxc5 Rf7 24. Nd2 Nxc5 25. bxc5 Rd7 26. Bf3 Ne7 27. Bxd5 Rxd5 28. Nb3 Nc6 29. h3 Rd3 30. Qc2 Qd5 31. Rb1 e5 32. Kf1 Qc4 33. Qxc4+ bxc4 34. Nc1 Rxa3 35. Rb6 Ne7 36. Ke2 Kf7 37. e4 Ra5 38. Kd2 Rxc5 39. Rxa6 c3+ 40. Kd3 Nc6 41. Rb6 Nd4 42. f4 Rc7 43. fxe5 fxe5 44. Ra6 Ne6 45. Kc2 Nc5 46. Ra3 Nxe4 47. Nd3 Kf6 0-1

[Event "ROM-chT"]
[Site "Mamaia"]
[Date "2012.09.28"]
[Round "7.5"]
[White "Dumitrache, Dragos Nicolae"]
[Black "Spulber, Cicirone"]
[Result "1-0"]
[WhiteElo "2452"]
[BlackElo "2234"]
[PlyCount "85"]
[EventDate "2012.09.22"]
[EventType "team-tourn"]
[EventRounds "9"]
[EventCountry "ROU"]
[SourceTitle "CBM 150 Extra"]
[Source "ChessBase"]
[SourceDate "2012.10.19"]
[SourceVersion "1"]
[SourceVersionDate "2012.10.19"]
[SourceQuality "1"]
[WhiteTeam "Baia Mare"]
[BlackTeam "Techirghiol Victoria"]
[WhiteTeamCountry "ROU"]
[BlackTeamCountry "ROU"]

1. d4 d5 2. c4 c6 3. Nf3 Nf6 4. e3 e6 5. Bd3 Nbd7 6. 0-0 Bd6 7. Nc3 0-0 8. e4 dxc4 9. Bxc4 e5 10. Re1 Qe7 11. h3 exd4 12. Nxd4 Nb6 13. Bd3 Be5 14. Nf3 Rd8 15. Qc2 Nh5 16. Ne2 g6 17. Nxe5 Qxe5 18. Be3 Be6 19. f4 Qa5 20. f5 Bd7 21. Bg5 Rf8 22. g4 Ng7 23. Bf6 Ne8 24. Be7 Qe5 25. Bxf8 Kxf8 26. Qc3 f6 27. Qxe5 fxe5 28. Rad1 Nd6 29. Kf2 c5 30. Nc3 Bc6 31. b3 a6 32. Bxa6 Nxe4+ 33. Nxe4 Rxa6 34. Nxc5 Rxa2+ 35. Re2 Rxe2+ 36. Kxe2 gxf5 37. gxf5 Nd5 38. Rg1 Nf4+ 39. Ke3 Nxh3 40. Ne6+ Ke7 41. Rg3 Nf4 42. Nc5 Kf7 43. Rg1 1-0

[Event "ROM-ch"]
[Site "Sarata Monteoru"]
[Date "2012.02.20"]
[Round "10"]
[White "Georgescu, Tiberiu Marian"]
[Black "Spulber, Cicirone"]
[Result "1-0"]
[WhiteElo "2415"]
[BlackElo "2244"]
[PlyCount "93"]
[EventDate "2012.02.13"]
[EventType "swiss"]
[EventRounds "11"]
[EventCountry "ROU"]
[SourceTitle "CBM 147 Extra"]
[Source "ChessBase"]
[SourceDate "2012.04.24"]
[SourceVersion "1"]
[SourceVersionDate "2012.04.24"]
[SourceQuality "1"]

1. c4 c5 2. g3 g6 3. Nc3 Bg7 4. Bg2 Nc6 5. Nf3 e5 6. 0-0 Nge7 7. a3 d6 8. b4 0-0 9. Rb1 Rb8 10. d3 b6 11. Bd2 h6 12. Ne1 Be6 13. Nc2 cxb4 14. Nxb4 Nxb4 15. axb4 d5 16. cxd5 Nxd5 17. Qa4 Nxc3 18. Bxc3 Qc7 19. Rfc1 Rfc8 20. Qa1 b5 21. Kh1 Qb6 22. Kg1 Re8 23. Qa3 Rbc8 24. Bd2 Re7 25. Rxc8+ Bxc8 26. Rc1 Rc7 27. Be3 Qa6 28. Qb2 Rxc1+ 29. Qxc1 Be6 30. h4 Qa4 31. Qc5 h5 32. Kh2 a5 33. bxa5 Qxa5 34. Bc6 Qe1 35. Bxb5 Qxe2 36. d4 Qf3 37. Bc6 e4 38. Qc2 Bf5 39. Qb1 Bf6 40. Bd5 Bxh4 41. Qb8+ Kg7 42. Qe5+ Kh7 43. gxh4 Qh3+ 44. Kg1 Qxh4 45. Bxf7 Qg4+ 46. Qg3 Qd1+ 47. Kh2 1-0

[Event "ROM-ch"]
[Site "Sarata Monteoru"]
[Date "2012.02.16"]
[Round "5"]
[White "Spulber, Cicirone"]
[Black "Anton, Teodor"]
[Result "1-0"]
[WhiteElo "2244"]
[BlackElo "2393"]
[PlyCount "103"]
[EventDate "2012.02.13"]
[EventType "swiss"]
[EventRounds "11"]
[EventCountry "ROU"]
[SourceTitle "CBM 147 Extra"]
[Source "ChessBase"]
[SourceDate "2012.04.24"]
[SourceVersion "1"]
[SourceVersionDate "2012.04.24"]
[SourceQuality "1"]

1. Nf3 c5 2. c4 Nf6 3. Nc3 e6 4. g3 b6 5. Bg2 Bb7 6. 0-0 Be7 7. d4 cxd4 8. Qxd4 0-0 9. Rd1 d6 10. Bg5 Nbd7 11. Rac1 a6 12. Qd2 Rc8 13. b3 Nc5 14. Bxf6 Bxf6 15. b4 Ne4 16. Nxe4 Bxe4 17. Nd4 Bxg2 18. Kxg2 d5 19. c5 e5 20. Nb3 d4 21. Qd3 Bg5 22. Rc2 b5 23. Qe4 Qc7 24. Na5 Rfd8 25. Qb7 Qxb7+ 26. Nxb7 Rd7 27. c6 Rdc7 28. Na5 Kf8 29. a3 Be7 30. e3 dxe3 31. fxe3 f6 32. Rcd2 Kf7 33. e4 Ke6 34. g4 g6 35. Rd3 Bf8 36. Rd8 Rxd8 37. Rxd8 Bh6 38. Re8+ Kd6 39. Rd8+ Ke7 40. Rh8 Be3 41. Rxh7+ Kd6 42. Rxc7 Kxc7 43. h4 Bh6 44. Kf3 Kd6 45. h5 g5 46. Ke2 Bf8 47. Kd3 Bh6 48. Kc2 Kc7 49. Kb3 Bf8 50. a4 Kd6 51. Nb7+ Kxc6 52. Nc5 1-0

[Event "ROM-ch"]
[Site "Baile Olanesti"]
[Date "2010.01.31"]
[Round "1"]
[White "Gheorghiu, Calin"]
[Black "Spulber, Cicirone"]
[Result "0-1"]
[WhiteElo "1887"]
[BlackElo "2312"]
[PlyCount "60"]
[EventDate "2010.01.31"]
[EventType "swiss"]
[EventRounds "9"]
[EventCountry "ROU"]
[SourceTitle "CBM 134 Extra"]
[Source "ChessBase"]
[SourceDate "2010.03.03"]
[SourceVersion "1"]
[SourceVersionDate "2010.03.03"]
[SourceQuality "1"]

1. e4 d5 2. exd5 Qxd5 3. Nc3 Qd6 4. d4 Nf6 5. Nf3 Bg4 6. Bd3 c6 7. Be3 e6 8. Qd2 Bxf3 9. gxf3 Nbd7 10. Ne4 Qc7 11. c3 Nd5 12. 0-0-0 h6 13. f4 0-0-0 14. c4 N5f6 15. Nc3 g6 16. Qc2 Bd6 17. Qa4 a6 18. b4 Bxf4 19. Kb2 Bxe3 20. fxe3 Ng4 21. b5 Nb6 22. Qb4 a5 23. Qb3 Nxe3 24. c5 Nxd1+ 25. Rxd1 Nd5 26. Ne4 Nb4 27. bxc6 Nxc6 28. Nd6+ Rxd6 29. cxd6 Qxd6 30. Bc4 Qb4 0-1

[Event "ROM-ch"]
[Site "Eforie Nord"]
[Date "2009.02.08"]
[Round "9"]
[White "Spulber, Cicirone"]
[Black "Miron, Lucian Costin"]
[Result "1-0"]
[WhiteElo "2326"]
[BlackElo "2443"]
[PlyCount "105"]
[EventDate "2009.01.31"]
[EventType "swiss"]
[EventRounds "9"]
[EventCountry "ROU"]
[SourceTitle "CBM 130 Extra"]
[Source "ChessBase"]
[SourceDate "2009.07.02"]
[SourceVersion "2"]
[SourceVersionDate "2009.07.15"]
[SourceQuality "1"]

1. Nf3 d5 2. g3 Nf6 3. Bg2 e6 4. 0-0 Be7 5. d4 b5 6. Ne5 Bb7 7. Nd2 Nbd7 8. Ndf3 0-0 9. Bg5 c5 10. c3 h6 11. Bf4 Nb6 12. dxc5 Bxc5 13. Nd4 a6 14. Nb3 Bd6 15. Na5 Qc7 16. Nxb7 Bxe5 17. Bxe5 Qxe5 18. Nc5 Qc7 19. Nd3 a5 20. Rc1 Rab8 21. Qd2 Nc4 22. Qc2 Rfe8 23. Rfe1 Qb7 24. e3 Nd6 25. Qe2 Qe7 26. f3 e5 27. Nf2 Nc4 28. Rcd1 Nd6 29. f4 e4 30. g4 g6 31. g5 hxg5 32. fxg5 Nh7 33. h4 Nf5 34. Qg4 Red8 35. Nh3 Qc5 36. Qf4 Nf8 37. Rd2 b4 38. cxb4 Rxb4 39. Qf2 Ne6 40. Nf4 Rc4 41. Bh3 Nxf4 42. Qxf4 Rc1 43. Rde2 d4 44. Bxf5 d3 45. Bxg6 Rf8 46. Bh7+ Kg7 47. Qf6+ Kxh7 48. Qh6+ Kg8 49. g6 Rxe1+ 50. Rxe1 fxg6 51. Qxg6+ Kh8 52. Kh1 Rf2 53. Rg1 1-0

[Event "ROM-ch"]
[Site "Eforie Nord"]
[Date "2009.02.02"]
[Round "2"]
[White "Sava, Bogdan"]
[Black "Spulber, Cicirone"]
[Result "1/2-1/2"]
[WhiteElo "2115"]
[BlackElo "2326"]
[PlyCount "50"]
[EventDate "2009.01.31"]
[EventType "swiss"]
[EventRounds "9"]
[EventCountry "ROU"]
[SourceTitle "CBM 130 Extra"]
[Source "ChessBase"]
[SourceDate "2009.07.02"]
[SourceVersion "2"]
[SourceVersionDate "2009.07.15"]
[SourceQuality "1"]

1. c4 c5 2. g3 g6 3. Bg2 Bg7 4. Nf3 Nc6 5. 0-0 e5 6. Nc3 Nge7 7. d3 0-0 8. a3 d6 9. Rb1 a5 10. Bd2 Rb8 11. Qc1 Bg4 12. h3 Bxf3 13. Bxf3 Nd4 14. Bg2 b5 15. cxb5 Rxb5 16. Qd1 Rb8 17. Nd5 Nxd5 18. Bxd5 a4 19. e3 Nb3 20. Bc3 Qe8 21. Qf3 Rb6 22. Kg2 Kh8 23. Rbd1 f5 24. h4 Qd7 25. Rfe1 h5 1/2-1/2

[Event "ROM-ch"]
[Site "Eforie Nord"]
[Date "2009.02.02"]
[Round "3"]
[White "Spulber, Cicirone"]
[Black "Tufa, Mihai"]
[Result "1-0"]
[WhiteElo "2326"]
[BlackElo "2126"]
[PlyCount "75"]
[EventDate "2009.01.31"]
[EventType "swiss"]
[EventRounds "9"]
[EventCountry "ROU"]
[SourceTitle "CBM 130 Extra"]
[Source "ChessBase"]
[SourceDate "2009.07.02"]
[SourceVersion "2"]
[SourceVersionDate "2009.07.15"]
[SourceQuality "1"]

1. c4 e5 2. Nc3 f5 3. g3 Nf6 4. Bg2 c6 5. d3 Be7 6. Nf3 d6 7. 0-0 0-0 8. Rb1 Nbd7 9. b4 h6 10. Nh4 Nb6 11. a4 Bd7 12. Ng6 Re8 13. b5 Nc8 14. Ba3 Kh7 15. Nxe7 Qxe7 16. a5 a6 17. bxa6 bxa6 18. Na4 Qe6 19. Nb6 Ra7 20. Qa4 e4 21. dxe4 fxe4 22. Qc2 d5 23. Bb2 Nxb6 24. axb6 Rb7 25. c5 Kg8 26. e3 Ng4 27. Ra1 Ra8 28. Qe2 a5 29. Qd2 a4 30. Qd4 Bc8 31. h3 Nf6 32. Rxa4 Rxa4 33. Qxa4 Nd7 34. Bd4 Ne5 35. Bxe5 Qxe5 36. Qxc6 Qe6 37. Qxe6+ Bxe6 38. f3 1-0

[Event "ROM-ch"]
[Site "Eforie Nord"]
[Date "2009.02.01"]
[Round "1"]
[White "Spulber, Cicirone"]
[Black "Rusu, Vasile"]
[Result "1-0"]
[WhiteElo "2326"]
[BlackElo "1872"]
[PlyCount "105"]
[EventDate "2009.01.31"]
[EventType "swiss"]
[EventRounds "9"]
[EventCountry "ROU"]
[SourceTitle "CBM 130 Extra"]
[Source "ChessBase"]
[SourceDate "2009.07.02"]
[SourceVersion "2"]
[SourceVersionDate "2009.07.15"]
[SourceQuality "1"]

1. c4 c5 2. Nf3 Nc6 3. Nc3 Nf6 4. g3 e6 5. Bg2 Be7 6. 0-0 0-0 7. d4 cxd4 8. Nxd4 Bc5 9. Nb3 Be7 10. e4 Ne5 11. Qe2 b6 12. f4 Nc6 13. Be3 Bb7 14. Rfd1 Qc8 15. e5 Ne8 16. Ne4 f5 17. exf6 Nxf6 18. Nd6 Bxd6 19. Rxd6 Ne8 20. Rdd1 Na5 21. Nxa5 Bxg2 22. Qxg2 bxa5 23. Rac1 Nf6 24. Bd4 Rf7 25. b3 a6 26. Qd2 Qc7 27. Be5 Qc5+ 28. Qd4 Rc8 29. Qxc5 Rxc5 30. Bxf6 gxf6 31. Rd6 Kg7 32. Rcd1 a4 33. Rxd7 axb3 34. axb3 a5 35. Rxf7+ Kxf7 36. Rd4 e5 37. fxe5 Rxe5 38. Kf2 h5 39. Kf3 Kg6 40. Re4 Rf5+ 41. Ke2 a4 42. bxa4 Ra5 43. Kd3 Rxa4 44. c5 Ra3+ 45. Kd4 Ra2 46. Kd5 Rxh2 47. c6 Rd2+ 48. Rd4 Re2 49. Rc4 Rd2+ 50. Ke6 Rd8 51. c7 Rg8 52. c8Q Rxc8 53. Rxc8 1-0

[Event "Eforie Nord Romgaz op"]
[Site "Eforie Nord"]
[Date "2007.08.09"]
[Round "8"]
[White "Anuta, Laurentiu"]
[Black "Spulber, Cicirone"]
[Result "1/2-1/2"]
[WhiteElo "1988"]
[BlackElo "2326"]
[PlyCount "73"]
[EventDate "2007.08.03"]
[EventType "swiss"]
[EventRounds "9"]
[EventCountry "ROU"]
[SourceTitle "EXT 2010"]
[Source "ChessBase"]
[SourceDate "2010.11.25"]
[SourceVersion "1"]
[SourceVersionDate "2010.11.25"]
[SourceQuality "1"]

1. d4 Nf6 2. c4 e6 3. Nc3 Bb4 4. a3 Bxc3+ 5. bxc3 c5 6. f3 Nc6 7. e4 d6 8. Be3 Qa5 9. Qd2 e5 10. d5 Ne7 11. Bd3 Ng6 12. Ne2 Bd7 13. g4 Nh4 14. 0-0 Ng6 15. Kg2 0-0 16. h3 b5 17. cxb5 Bxb5 18. c4 Qxd2 19. Bxd2 Ba6 20. Rfb1 Rfb8 21. Kg3 Kf8 22. Nc3 Ne8 23. a4 Ke7 24. Nb5 Rb7 25. h4 Nf8 26. h5 Nd7 27. g5 Rbb8 28. Ba5 Bc8 29. Bf1 Rb7 30. Bh3 Rab8 31. Nxa7 Rxa7 32. Rxb8 Nxb8 33. Bb6 Ra6 34. Bxc8 Rxb6 35. a5 Rb4 36. a6 Nxa6 37. Bxa6 1/2-1/2

[Event "Eforie Nord Romgaz op"]
[Site "Eforie Nord"]
[Date "2007.08.08"]
[Round "7"]
[White "Spulber, Cicirone"]
[Black "Taras, Gheorghe Dan"]
[Result "1/2-1/2"]
[WhiteElo "2326"]
[BlackElo "2212"]
[PlyCount "113"]
[EventDate "2007.08.03"]
[EventType "swiss"]
[EventRounds "9"]
[EventCountry "ROU"]
[SourceTitle "EXT 2010"]
[Source "ChessBase"]
[SourceDate "2010.11.25"]
[SourceVersion "1"]
[SourceVersionDate "2010.11.25"]
[SourceQuality "1"]

1. c4 Nf6 2. Nc3 g6 3. g3 Bg7 4. Bg2 0-0 5. Nf3 c6 6. 0-0 d6 7. d3 a6 8. Rb1 e5 9. b4 Nbd7 10. Nd2 Re8 11. a4 Nf8 12. b5 axb5 13. axb5 d5 14. bxc6 bxc6 15. cxd5 cxd5 16. Nb3 Ne6 17. Bd2 Rb8 18. Na4 Qd6 19. Nbc5 Bd7 20. Nxe6 Bxe6 21. Nc3 d4 22. Ne4 Nxe4 23. Bxe4 Bd5 24. Bxd5 Qxd5 25. f3 h5 26. Qc2 Ra8 27. Rb2 Rec8 28. Qb1 h4 29. Kg2 Qe6 30. g4 e4 31. Rb6 exf3+ 32. exf3 Qa2 33. Rb2 Qxb1 34. Rfxb1 Ra3 35. Bg5 Rxd3 36. Bxh4 Rdc3 37. Rd2 Rc2 38. Rbd1 f5 39. gxf5 gxf5 40. Bf2 Rxd2 41. Rxd2 Rd8 42. Rd3 Kf7 43. Kf1 Ke6 44. Ke2 Kd5 45. Rd1 Ra8 46. h4 Ra2+ 47. Rd2 Rxd2+ 48. Kxd2 Kc4 49. h5 Bh6+ 50. Kd1 Kd5 51. Kc2 Ke5 52. Bg3+ Kf6 53. f4 Ke6 54. Kd3 Kd5 55. Bf2 Bxf4 56. Bxd4 Bh6 57. Be3 1/2-1/2

[Event "Eforie Nord Romgaz op"]
[Site "Eforie Nord"]
[Date "2007.08.03"]
[Round "1"]
[White "Spulber, Cicirone"]
[Black "Pasarelu, Dan"]
[Result "1/2-1/2"]
[WhiteElo "2326"]
[BlackElo "2322"]
[PlyCount "60"]
[EventDate "2007.08.03"]
[EventType "swiss"]
[EventRounds "9"]
[EventCountry "ROU"]
[SourceTitle "EXT 2010"]
[Source "ChessBase"]
[SourceDate "2010.11.25"]
[SourceVersion "1"]
[SourceVersionDate "2010.11.25"]
[SourceQuality "1"]

1. Nf3 Nf6 2. c4 g6 3. Nc3 Bg7 4. g3 d5 5. cxd5 Nxd5 6. Bg2 0-0 7. 0-0 Nxc3 8. dxc3 c5 9. Qxd8 Rxd8 10. Be3 Na6 11. Rfd1 Bd7 12. Nd2 Rab8 13. Nc4 Bb5 14. Na5 b6 15. Nc6 Bxc6 16. Bxc6 Nc7 17. a4 a5 18. g4 Ne6 19. Bd5 Rd6 20. Bb3 Rbd8 21. Rxd6 Rxd6 22. Rd1 Rxd1+ 23. Bxd1 Kf8 24. Bb3 Nc7 25. Bf4 e5 26. Bg5 f6 27. Bd2 Ke7 28. e4 Ne6 29. Bxe6 Kxe6 30. c4 g5 1/2-1/2

[Event "ROM-ch sf"]
[Site "Sovata"]
[Date "2001.03.15"]
[Round "7"]
[White "Mateica, Mircea"]
[Black "Spulber, Cicirone"]
[Result "1-0"]
[WhiteElo "2189"]
[BlackElo "2380"]
[PlyCount "73"]
[EventDate "2001.03.10"]
[EventType "swiss"]
[EventRounds "11"]
[EventCountry "ROU"]
[SourceTitle "EXT 2008"]
[Source "ChessBase"]
[SourceDate "2007.11.25"]
[SourceVersion "1"]
[SourceVersionDate "2007.11.25"]
[SourceQuality "1"]

1. d4 Nf6 2. Nf3 e6 3. Bg5 c5 4. e3 d5 5. Nbd2 Nc6 6. c3 Be7 7. Bd3 b6 8. 0-0 Bb7 9. Ne5 Nxe5 10. dxe5 Nd7 11. Bxe7 Qxe7 12. f4 h5 13. Nf3 h4 14. Qe2 a6 15. e4 h3 16. g3 c4 17. Bc2 Qc5+ 18. Nd4 0-0-0 19. Rfe1 g5 20. exd5 Qxd5 21. Be4 Qxe4 22. Qxc4+ Kb8 23. Rxe4 Bxe4 24. Nc6+ Bxc6 25. Qxc6 Nc5 26. b4 Nb7 27. Qf3 Rd2 28. Rd1 Rxd1+ 29. Qxd1 gxf4 30. gxf4 Rg8+ 31. Kh1 Rg2 32. Qf3 Rxa2 33. Qxh3 a5 34. Qe3 a4 35. Qxb6 a3 36. Qa6 Kc7 37. Qc4+ 1-0

[Event "ROM-ch sf"]
[Site "Sovata"]
[Date "2001.03.13"]
[Round "5"]
[White "Jianu, Vlad Cristian"]
[Black "Spulber, Cicirone"]
[Result "1/2-1/2"]
[WhiteElo "2301"]
[BlackElo "2380"]
[PlyCount "109"]
[EventDate "2001.03.10"]
[EventType "swiss"]
[EventRounds "11"]
[EventCountry "ROU"]
[SourceTitle "EXT 2008"]
[Source "ChessBase"]
[SourceDate "2007.11.25"]
[SourceVersion "1"]
[SourceVersionDate "2007.11.25"]
[SourceQuality "1"]

1. d4 d5 2. c4 c6 3. Nf3 Nf6 4. Qc2 g6 5. Bf4 Bf5 6. Qb3 Qb6 7. c5 Qxb3 8. axb3 Bxb1 9. Rxb1 Nbd7 10. h3 Bg7 11. e3 0-0 12. b4 a6 13. Bd3 Rfe8 14. 0-0 Nf8 15. Rfe1 N6d7 16. Bh2 e5 17. e4 dxe4 18. Rxe4 exd4 19. Rbe1 Rxe4 20. Rxe4 a5 21. Bd6 axb4 22. Bc4 Bf6 23. Nxd4 Ra5 24. Nb3 Ra2 25. Bd3 Ra4 26. Bc4 Ra2 27. Bd3 Ra4 28. Bc4 Kg7 29. g4 b5 30. Bxb5 cxb5 31. c6 Nb6 32. Re8 Ne6 33. c7 Bxb2 34. Nc5 Nxc7 35. Bxc7 Ra1+ 36. Kg2 Nc4 37. g5 h6 38. h4 hxg5 39. hxg5 Ra7 40. Bd8 Nd6 41. Re1 Ra8 42. Bc7 Nf5 43. Rb1 Rc8 44. Rxb2 Rxc7 45. Na6 Rc4 46. Rxb4 Rxb4 47. Nxb4 f6 48. gxf6+ Kxf6 49. Kf3 Nd6 50. Kf4 g5+ 51. Kg4 Nf7 52. f4 Nh6+ 53. Kg3 g4 54. Nc2 Ke7 55. Nd4 1/2-1/2